Site deaths: legal process shields firms. (Record no. 60585)
[ view plain ]
| 000 -LEADER | |
|---|---|
| fixed length control field | 00705cam a2200157 4500 |
| 001 - CONTROL NUMBER | |
| control field | ABS60914 |
| 008 - FIXED-LENGTH DATA ELEMENTS--GENERAL INFORMATION | |
| fixed length control field | 000000n1999 000 0 eng u |
| 035 ## - SYSTEM CONTROL NUMBER | |
| System control number | (Sirsi) u101447 |
| 100 ## - MAIN ENTRY--PERSONAL NAME | |
| Personal name | Christian, C. |
| 245 ## - TITLE STATEMENT | |
| Title | Site deaths: legal process shields firms. |
| 260 ## - PUBLICATION, DISTRIBUTION, ETC. | |
| Date of publication, distribution, etc. | 1999 |
| 490 ## - SERIES STATEMENT | |
| Series statement | Construction News |
| Volume/sequential designation | (6623) 8 July 1999, 32(1) |
| 520 ## - SUMMARY, ETC. | |
| Summary, etc. | Discusses the problems in bringing cases of corporate manslaughter to court. Suggests that in part this is due to the fact that a successful prosecution depends on the successful parallel prosecution of an individual for manslaughter, as well as a lack of will to identify guilty firms. |
| 690 ## - LOCAL SUBJECT ADDED ENTRY--TOPICAL TERM (OCLC, RLIN) | |
| Topical term or geographic name as entry element | BUILT ENVIRONMENT-BUILDING STANDARDS |
| 942 ## - ADDED ENTRY ELEMENTS (KOHA) | |
| Suppress in OPAC | 0 |
| Withdrawn status | Lost status | Source of classification or shelving scheme | Damaged status | Not for loan | Home library | Current library | Shelving location | Date acquired | Total Checkouts | Full call number | Barcode | Date last seen | Copy number | Price effective from | Koha item type |
|---|---|---|---|---|---|---|---|---|---|---|---|---|---|---|---|
| Dewey Decimal Classification | London | London | Journal article | 04/11/1999 | ABS60914 | 101447-1001 | 06/08/2019 | 1 | 06/08/2019 | Journal article |